A Quiz Within a Quiz Solution Stats

Quiz not verified by Sporcle

Challenge
Share
Tweet
Score 0/17 Timer 20:00
0 Plays Today
% Correct
1
97%
1
92.5%
1
92.5%
1
91%
1
88.1%
1
88.1%
1
88.1%
1
88.1%
1
86.6%
% Correct
1
86.6%
1
86.6%
1
86.6%
1
83.6%
1
83.6%
1
83.6%
1
83.6%
1
82.1%

You're not logged in!

Compare scores with friends on all Sporcle quizzes.
Sign Up with Email
OR
Log In

You Might Also Like...

Show Comments

Extras

Top Quizzes Today


Score Distribution

Your Account Isn't Verified!

In order to create a playlist on Sporcle, you need to verify the email address you used during registration. Go to your Sporcle Settings to finish the process.